| 000 | 01104nam a22002055i 4500 | ||
|---|---|---|---|
| 001 | 154285 | ||
| 003 | ES-MaACL | ||
| 005 | 20250730153548.0 | ||
| 008 | 011010s1788 fr af |||| | fre d | ||
| 040 |
_aCCPB | B _bspa _cCCPB | B |
||
| 100 | 1 |
_aGenty, Louis ( _d1743-1817) _9154045 |
|
| 245 | 1 | 2 |
_aL'influence de la découverte de l'Amérique sur le bonheur du genre-humain / _cpor L'abbé Genty. |
| 260 |
_aA Paris : _bchez Nyon l'ainé & fils, _c1788. |
||
| 300 |
_aX, 352 p., [1] h. de grab., [1] h. de map. ; _c20 cm. |
||
| 597 | _aSign.: []4, A-Y8. | ||
| 599 | _aLa h. de grab. calc. | ||
| 651 | 4 |
_aAmérica española- _xHistoria- _y1492-1600 (Descubrimiento y conquista) _97724 |
|
| 852 |
_aES-MaACL _jR-1450 _z-- Enc. perg. _q-- Falto de la h. de grab., únicamente tiene la h. de map. pleg. calc.: "Nouvelle carte des parties occidentales du monde, servant à indiques les navigations découvertes et etablissements des hollandois en Amerique", "Gravé par Lattré" _x-- Edic.: corregir en tit. "influence" no "influencia" _x Olim: G-15591 |
||
| 999 |
_c154285 _d154285 |
||